5a : Where we go

Bibliographic Details
Main Author: Murray, W.
Corporate Author: Title
Other Authors: Wingfield, J.H
Format: Book
Published: London : Ladybird
Series:Key words with Ladybird
Subjects:

MARC

LEADER 00000cam a2200000 7i4500
001 0000005500
005 20220105104012.0
008 070806
020 |a 1844223663 
090 0 0 |a JP   |b EL ENG (4837) 
100 1 |a Murray, W. 
245 1 0 |a 5a :   |b Where we go   |c Written by W. Murray; illustrated by M. Aitchison 
260 |a London :   |b Ladybird 
440 0 |a Key words with Ladybird 
500 |a Children age 4-6 years old (yellow) 
650 0 |a Early learning 
650 0 |a Junior preschool   |x English   |x Languages 
700 1 |a Wingfield, J.H. 
710 0 |a Title 
999 |a 0000893888   |b Book   |c Children Collection   |e Cawangan Segamat 
999 |a 0000893889   |b Book   |c Children Collection   |e Cawangan Segamat 
999 |a 0000893891   |b Book   |c Children Collection   |e Cawangan Tmn. Ungku Tun Aminah 
999 |a 0000893893   |b Book   |c Children Collection   |e Cawangan Mersing 
999 |a 0000893898   |b Book   |c Children Collection   |e Cawangan Bandar Penawar 
999 |a 0000893899   |b Book   |c Children Collection   |e Cawangan Segamat 
999 |a 0000979853   |b Book   |c Children Collection   |e Perbadanan Perpustakaan Awam Johor 
999 |a 0000979854   |b Book   |c Children Collection   |e Perbadanan Perpustakaan Awam Johor 
999 |a 0000979855   |b Book   |c Children Collection   |e Perbadanan Perpustakaan Awam Johor 
999 |a 0000979856   |b Book   |c Children Collection   |e Perbadanan Perpustakaan Awam Johor 
999 |a 0000979857   |b Book   |c Children Collection   |e Perbadanan Perpustakaan Awam Johor 
999 |a 000893894   |b Book   |c Children Collection   |e Cawangan Batu Pahat